000 00291nam a2200097Ia 4500
005 20250424112823.0
008 250424s9999 xx 000 0 und d
300 _a88 p. : col. : iil. ; 28 cm.
650 _aBusiness education--Periodical Management--Study and teaching--Periodical
942 _cSR
999 _c37317
_d37317